000 01503nam0a2200349 4500
001 RU\NLR\bibl\1225304
005 20260409073317.0
010 _a978-5-9787-0164-7
_93000
021 _aRU
_b2008-19120
_91045
035 _a(NLR Aleph) 001211622
090 _a81894
_c81894
100 _a20080512d2008 |||y0rusy50 ca
101 0 _arus
102 _aRU
105 _ay |||||||||
200 1 _aКлассический фэн-шуй
_eсад - обитель Дракона
_fДолма Джангкху
210 _aМосква
_cАмрита-Русь
_d2008
215 _a139, [3] с.
_d20
300 _aВ конце кн. авт.: Николаева Мария Владимировна (Долма Джангкху, Шанти Натхини, Атма Ананда)
300 _aВ конце кн. авт.: Николаева М.В. - д.чл. Инд. акад. йоги
320 _aДр. произведения авт. в конце кн.
606 1 _aФэн-шуй
_xПрименение в приусадебном садоводстве
_92253697
_3RU\NLR\auth\661351669
606 _8rus
_aФэн-шуй
_7ca
_3RU\NLR\auth\661259693
_92083627
686 _aП23,1
686 _aЮ3(5Кит)3
686 _aЮ969
700 1 _4070
_8rus
_7ca
_aНиколаева
_bМ. В.
_cфилософ
_f1971-
_gМария Владимировна
_3RU\NLR\auth\7727904
_910935
801 0 _aRU
_bNLR
_c20080512
_gRCR
801 1 _aRU
_bNLR
_c20080512
942 _cBOOK
980 _aNB